Statistics for Dragonball characters

Click here to take the quiz!

General Stats

  • This quiz has been taken 1,218 times
  • The average score is 9 of 17

Answer Stats

HintAnswer% Correct
Prince of SaiyansVegeta
97%
super saiyan at age 10Gohan
79%
overprotective motherchi chi
76%
Trained for 3 years on Kami's lookoutGoku
75%
the desert banditYamcha
66%
old man turtle hermitRoshi
65%
Earth's GaurdianKami
63%
shape shifting pigOolong
62%
King of the northern galaxyKing Kai
53%
monk from orin templeKrillin
52%
800 year old catKorin
49%
Lord of Fire MountainOx King
48%
Last of the 3 eyed peopleTien Shinhan
44%
Evil part of KamiKing Piccolo
37%
heavy set samuraiYajirobe
33%
Daughter of capsule corp. founderBulma Briefs
23%
King of earthKing Furry
10%

Score Distribution

Percentile by Number Answered

Percent of People with Each Score

Your Score History

You have not taken this quiz